00922nam a2200289 a 4500003000900000005001700009008004100026020001800067040001300085100002800098245008100126250001200207260004900219300001500268490003800283500008500321650001900406650002400425650002200449650002100471650003400492650003200526650001300558653001800571700002200589700002100611AR-BaBNM20251128210116.0082120s2002 ||||||||||||||000 | spa|| a987-99113-3-4 cAR-BaBNM1 aPalma de Arraga, Shylla00aJuguemos a convivir en la tierrabun hacer cotidiano que construye el futuro a1ª ed. aBuenos AiresbFundación Educambientec1996 a79 p.bil. 0aCuaderno del medio ambientevv. 3 aLa presente publicación fue publicado con el apoyo de la Embajada de Canadá 4aMEDIO AMBIENTE 4aEDUCACION AMBIENTAL 4aJUEGOS EDUCATIVOS 4aPROYECTOS MODELO 4aPARTICIPACION DE LA COMUNIDAD 4aPARTICIPACION DE LOS PADRES 4aECOLOGIA aNIVEL INICIAL1 aBadaracco, Susana1 aTrolla, Marité